| 000 | 00365nam a22001457a 4500 | ||
|---|---|---|---|
| 020 | _a1859413773 | ||
| 082 |
_a346.044 _bDIX |
||
| 100 | _aDixon, Martin | ||
| 245 |
_aPrinciples of Land Law / _cMartin Dixon |
||
| 250 | _a3rd Edition. | ||
| 260 |
_aLondon: _bCavendish Publishing Limited, _c1999. |
||
| 300 | _a386 p. | ||
| 563 | _aPB. | ||
| 942 |
_2ddc _cBK |
||
| 999 |
_c613816 _d613816 |
||